| 000 | 00678nmc a2200265 a 4500 | ||
|---|---|---|---|
| 003 | AR-BaBNM | ||
| 005 | 20251128210440.0 | ||
| 008 | 180020s1994 ||||||||||||||000 | spa|| | ||
| 020 | _a950-9413-53-4 | ||
| 040 | _cAR-BaBNM | ||
| 100 | 1 | _aMoyano, Daniel | |
| 245 | 1 | 0 | _aEl oscuro |
| 260 |
_aBuenos Aires _bEdiciones del Sol _c1994 |
||
| 300 | _a181 p. | ||
| 490 | 0 |
_aLos nuestros _vv. 10 |
|
| 500 | _aContiene referencias bibliográficas | ||
| 650 | 4 | _aLITERATURA ARGENTINA | |
| 650 | 4 | _aLITERATURA CONTEMPORANEA | |
| 650 | 4 | _aREALISMO | |
| 653 | _aNARRATIVA | ||
| 655 | _aLITERATURA | ||
| 800 | 1 |
_aColombres, Adolfo _edirector |
|
| 942 | _cBK | ||
| 998 | _cMARTIN | ||
| 999 |
_c15516 _d15516 |
||